Shadow world (Record no. 83912)
[ view plain ]
| 000 -LEADER | |
|---|---|
| fixed length control field | 01850nam a2200373 a 4500 |
| 082 04 - DEWEY DECIMAL CLASSIFICATION NUMBER | |
| Classification number | 320.1/2 |
| 100 1# - MAIN ENTRY--AUTHOR NAME | |
| Personal name | Chandler, Robert W. |
| 245 10 - TITLE STATEMENT | |
| Title | Shadow world |
| 260 ## - PUBLICATION, DISTRIBUTION, ETC. (IMPRINT) | |
| Place of publication | Washington, DC : |
| Name of publisher | Regnery Pub., |
| Year of publication | c2008. |
| 300 ## - PHYSICAL DESCRIPTION | |
| Number of Pages | xvii, 622 p. |
| 505 0# - FORMATTED CONTENTS NOTE | |
| Formatted contents note | Plato's cave -- Cultural revolution -- The Andropov plan -- Global strategic quadrangle -- Latin America's slide to the left -- Samuel Rubin imperium -- Rubin imperium : centers of gravity -- National security -- Progressive-Socialist-Marxist politics -- Anti-capitalism and anti-war street workers -- A world without borders -- Restoration of a world Islamic caliphate -- Saudi Arabia's religious fifth column -- Faceless international. |
| 650 #0 - SUBJECT ADDED ENTRY--TOPICAL TERM | |
| Topical Term | Anti-Americanism. |
| Topical Term | Geopolitics. |
| 856 40 - ELECTRONIC LOCATION AND ACCESS | |
| Uniform Resource Identifier | http://site.ebrary.com/lib/rucke/Doc?id=10419604 |
No items available.
